000 01231cam a2200313 a 4500
999 _c529438
_d529438
001 3262996
003 NUST
005 20190926105904.0
008 820514s1981 dcua b 000 0 eng
010 _a 81085776
020 _a0309033047 (pbk.) :
_c$6.80
038 _aMSOHAIL
040 _aDLC
_cDLC
_dDLC
050 0 0 _aTG265
_b.M352
082 0 0 _a624.283
_219
100 1 _aManning, David G.
_921497
245 1 0 _aEffects of traffic-induced vibrations on bridge-deck repairs /
_cDavid G. Manning ; topic panel, Charles J. Arnold ... [et al.].
260 _aWashington, D.C. :
_bTransportation Research Board, National Research Council,
_c1981.
300 _a40 p. :
_bill. ;
_c28 cm.
490 1 _aSynthesis of highway practice / National Cooperative Highway Research Program,
_x0547-5570 ;
_v86
504 _aIncludes bibliographical references.
650 0 _aBridges
_xVibration.
_921498
650 0 _aBridges
_xLive loads.
_921499
650 0 _aBridges
_xFloors
_xMaintenance and repair.
_921500
710 2 _aNational Research Council (U.S.).
_bTransportation Research Board.
_919676
830 0 _aSynthesis of highway practice ;
_v86.
_921501
906 _a7
_bcbc
_corignew
_d2
_eopcn
_f19
_gy-gencatlg
942 _2ddc
_cBK